000 00504nam a2200169Ia 4500
999 _c19901
_d19901
003 OSt
005 20200624151657.0
008 190216s9999||||xx |||||||||||||| ||und||
040 _coclc
082 _a954.005
_bKRI/C
100 _aKrishna, Gopal
_93212
245 0 _aContributions To South Asians Studies 2 /
_cGopal Krishna
260 _bOxford University Press,
_c1982.
_aNew Delhi:
300 _a213p
650 _aHistory
942 _cBK
_2ddc
_h954.005
_iKRI/C
_k954.005
_mKRI/C